000 01166njm a22002657a 4500
005 20100908100941.0
007 sd ammalaaahaa
008 100908t xxu||||| |||| 00| 0 hin d
028 _aN. 54020
_bHis Master's Voice
035 _aGR-01261
040 _aSED/VEN
100 _aMohd. Rafi
_91184
245 _aKinare kinare :
_bhindustani /
_cby Mohd. Rafi and Mukesh ; music by Jai Dev ; lyric by Nyaya Sharma
_h[sound recording] :
246 _aकिनारे किनारे (मोहद.रफ़ी और मुकेश)
260 _aDum Dum, India
_bHis Master's Voice
300 _a1 sound record [Greamophone records] :
_banalog, 33. 1/3 rpm
_c10 in.
500 _aBrief record.
505 _aTeri tasvir bhi (Mohd. Rafi and Mukesh) तेरी तस्वीर भी भाग १ , Jab game isqe satata hai जब गमे इश्क सताता है भाग २
_u
650 _aClassical Music
_xExcerpts
_zIndia
_918799
700 _aMukesh
_918800
700 _aJai Dev
_918875
700 _aSharma, Nyaya
_918889
942 _2ddc
_cGR
999 _c44436
_d44436